000
00315pam a2200133 a 4500
020
_c
041
_h
082
_a
927.92
100
_a
CHAPLIN (C)
_e
author
245
_a
My Autobiography
_h
Textual Document
260
_b
Penguin Books India Pvt. Ltd. New Delhi , London
_c
1996
300
_a
493
930
_a
7375
999
_c
836780
_d
836780